000 01412nam a2200289Ia 4500
003 OSt
005 20200930144145.0
008 191128s2004 ck ao gr 000 0dspa d
020 _a9589029612
040 _aCO-JMCR
_cCO-JMCR
041 0 _aspa
082 0 4 _a923.386 /
_bS572c
_223
100 1 _aSierra Montoya, Jorge Emilio,
_eautor
_911034
245 1 0 _a50 protagonistas de la economía Colombiana /
_cJorge Emilio Sierra Montoya
246 0 0 _aCincuenta protagonistas de la economía colombiana
260 _aBogotá :
_bUniversidad de Bogotá Jorge Tadeo Lozano,
_c2004
300 _a388 páginas :
_bfotografías a blanco y negro ;
_c24 cm.
490 0 _aEstudios de economía
500 _aIncluye datos biográficos del autor.
505 0 _aUn grecolatino con el récord de ministerios -- Un "duro" del sindicato antioqueño -- El fundador de planeación -- De campesino sin tierra a director de Colsubsidio -- Un "azucemo", pionero de la industria caldense
520 3 _aEste libro, 50 protagonistas de la economía colombiana, se publica con motivo de la celebración de las primeras cinco décadas de la existencia del diario La República y de la Universidad de Bogotá Jorge Tadeo Lozano.
546 _a}
650 1 4 _aEconomistas colombianos
_94710
650 1 4 _aBiografías
_xhistoria económica
_911035
651 4 _aColombia
_xpolítica económica
_ySiglo XX
_911036
942 _2ddc
_cBK
999 _c4164
_d4164